| 000 | 00639nam a2200229 a 4500 | ||
|---|---|---|---|
| 001 | BRCA_4366 | ||
| 005 | 20190320204637.0 | ||
| 008 | 160210s1843----fr-#######---#000-0#fre-# | ||
| 041 | _afre | ||
| 044 | _afr | ||
| 050 | 4 |
_aF1213 _b.L69 2 _c1843 |
|
| 100 | 1 |
_aLöwenstern, Isidore _910527 |
|
| 245 | 1 | 0 |
_aLe Mexique _bSouvenirs d`un Voyageur _cpar Isidore Löwenstern. |
| 260 |
_aParís _bArthus Bertrand _c1843 |
||
| 300 |
_aviii, 466 p. _c23 cm. |
||
| 500 | _aEjemplar igual a B160 y C132 | ||
| 500 | _aB191 | ||
| 650 | 1 | 4 |
_aViajeros franceses _97982 |
| 651 | 4 |
_aMéxico _xDescripción y viajes _9103 |
|
| 902 | _aGFM | ||
| 942 |
_2lcc _cB |
||
| 999 |
_c4077 _d4077 |
||